Země světa 2 : Sv.2: Afrika, Amerika, Oceánie

Salvato in:
Dettagli Bibliografici
Natura: Libro
Lingua:ceco
Pubblicazione: Praha : Svoboda, 1987
Edizione:1.vyd.
Soggetti:
Tags: Aggiungi Tag
Nessun Tag, puoi essere il primo ad aggiungerne!!

MARC

LEADER 00000nam a22000003a 4500
001 stu45111
005 20150408180249.0
008 951120s1987----cs------------------cze-d
040 |a STU  |b slo 
041 0 |a cze 
044 |a cs 
080 |a 908(100) 
245 |a Země světa 2 :  |b Sv.2: Afrika, Amerika, Oceánie 
250 |a 1.vyd. 
260 |a Praha :  |b Svoboda,  |c 1987 
300 |a 409 s 
650 7 |a Zemepis sveta  |2 stusub 
996 |b 284M051100  |c M*2905/2-1  |l MMKN  |s A  |a 24  |w stu45111_0001